000 00494pam a2200157 a 4500
020 _a9789339218157
_c
041 _h
082 _a621.384
_bSMI/COL
100 _aSmith C ,.
_eAuthor .
245 _aWireless Networks Design and Integration for LTE ,EVDO,HSPA And Wimax /
_hTextual Documents
260 _aNew Delhi
_bMc Graw Hill Education (India) Private Limited
_c2014
300 _axxii/729:
_bPB;
_c24*18.
653 _aDig. Communication
700 _aCollins D,
_eAuthor .
930 _a16988
999 _c60209
_d60209